Statistics for Scotish football league champions since 1890

Click here to take the quiz!

General Stats

  • This quiz has been taken 220 times
  • The average score is 8 of 11

Answer Stats

Answer% Correct
Celtic(45)
100%
Rangers(54)
99%
Aberdeen(4)
91%
Hearts(4)
86%
Dundee(1)
81%
Hibernian(4)
75%
Dundee united(1)
67%
Kilmarnock(1)
63%
Motherwell(1)
62%
Dumbarton(2)
34%
Third Lanark(1)
33%

Score Distribution

Percentile by Number Answered

Percent of People with Each Score

Your Score History

You have not taken this quiz